[Event "Azerbaijan Chess Championship2015 - Men"]
[Site ""]
[Date "2015.01.09"]
[Round "4"]
[Board "1"]
[White "Rasulov, Vugar"]
[Black "Mamedov, Rauf"]
[Result "1/2-1/2"]
[WhiteElo "2491"]
[BlackElo "2642"]
[PlyCount "0"]
[EventDate "2015.01.06"]
[EventRounds "9"]
[EventCountry "AZE"]

1. e4 {[%clk 1:30:33]} c5 {[%clk 1:30:57]} 2. Nf3 {[%clk 1:30:31]} Nc6
{[%clk 1:31:24]} 3. d4 {[%clk 1:30:35]} cxd4 {[%clk 1:31:51]} 4. Nxd4
{[%clk 1:30:59]} Nf6 {[%clk 1:32:19]} 5. Nc3 {[%clk 1:31:21]} e5 {[%clk 1:32:46]}
6. Ndb5 {[%clk 1:31:12]} d6 {[%clk 1:33:09]} 7. Bg5 {[%clk 1:31:27]} a6
{[%clk 1:33:36]} 8. Na3 {[%clk 1:31:50]} b5 {[%clk 1:34:03]} 9. Nd5
{[%clk 1:31:59]} Be7 {[%clk 1:34:30]} 10. Bxf6 {[%clk 1:32:22]} Bxf6
{[%clk 1:34:57]} 11. c4 {[%clk 1:32:45]} b4 {[%clk 1:35:26]} 12. Nc2
{[%clk 1:33:08]} O-O {[%clk 1:35:52]} 13. h4 {[%clk 1:30:41]} Be6
{[%clk 1:31:00]} 14. g3 {[%clk 1:30:43]} a5 {[%clk 1:29:29]} 15. Bh3
{[%clk 1:27:51]} a4 {[%clk 1:27:22]} 16. Kf1 {[%clk 1:24:21]} b3 {[%clk 1:11:14]}
17. axb3 {[%clk 1:21:25]} axb3 {[%clk 1:11:39]} 18. Nce3 {[%clk 1:17:52]} Rxa1
{[%clk 1:09:27]} 19. Qxa1 {[%clk 1:17:27]} Nd4 {[%clk 1:09:48]} 20. Kg2
{[%clk 1:16:13]} Qa8 {[%clk 1:02:49]} 21. Qd1 {[%clk 1:05:14]} Bd8
{[%clk 1:00:19]} 22. Qa1 {[%clk 0:58:06]} Bf6 {[%clk 0:53:16]} 23. Qd1
{[%clk 0:50:01]} Bd8 {[%clk 0:53:28]} 24. Qa1 {[%clk 0:50:26]} Bf6
{[%clk 0:52:04]} 1/2-1/2

[Event "Azerbaijan Chess Championship2015 - Men"]
[Site ""]
[Date "2015.01.09"]
[Round "4"]
[Board "2"]
[White "Safarli, Eltaj"]
[Black "Durarbayli, Vasif"]
[Result "1/2-1/2"]
[WhiteElo "2635"]
[BlackElo "2635"]
[PlyCount "0"]
[EventDate "2015.01.06"]
[EventRounds "9"]
[EventCountry "AZE"]

1. e4 {[%clk 1:30:56]} e5 {[%clk 1:30:55]} 2. Nf3 {[%clk 1:31:19]} Nc6
{[%clk 1:31:20]} 3. Bb5 {[%clk 1:31:42]} a6 {[%clk 1:31:37]} 4. Ba4
{[%clk 1:32:07]} Nf6 {[%clk 1:32:03]} 5. Nc3 {[%clk 1:32:32]} Bd6
{[%clk 1:27:28]} 6. O-O {[%clk 1:19:26]} O-O {[%clk 1:27:41]} 7. d3
{[%clk 1:13:44]} h6 {[%clk 1:22:38]} 8. a3 {[%clk 1:09:52]} Re8 {[%clk 1:19:37]}
9. h3 {[%clk 1:08:16]} Bf8 {[%clk 1:19:19]} 10. Be3 {[%clk 1:05:47]} d6
{[%clk 1:12:36]} 11. Bb3 {[%clk 1:05:55]} Be6 {[%clk 1:05:16]} 12. Bxe6
{[%clk 1:05:16]} fxe6 {[%clk 1:05:08]} 13. d4 {[%clk 1:04:22]} exd4
{[%clk 1:01:00]} 14. Nxd4 {[%clk 1:04:07]} Nxd4 {[%clk 1:00:52]} 15. Bxd4
{[%clk 1:02:47]} e5 {[%clk 0:51:01]} 16. Be3 {[%clk 1:03:01]} c6 {[%clk 0:51:30]}
17. Qd3 {[%clk 0:44:55]} Qe7 {[%clk 0:49:42]} 18. Bb6 {[%clk 0:41:20]} Qf7
{[%clk 0:45:09]} 19. Rad1 {[%clk 0:41:04]} Re6 {[%clk 0:44:45]} 20. Be3
{[%clk 0:30:01]} Rae8 {[%clk 0:42:05]} 21. f3 {[%clk 0:29:08]} Qg6
{[%clk 0:35:29]} 22. a4 {[%clk 0:28:46]} Kh7 {[%clk 0:35:24]} 23. Bf2
{[%clk 0:23:07]} b5 {[%clk 0:30:00]} 24. b3 {[%clk 0:21:36]} Be7 {[%clk 0:26:34]}
25. axb5 {[%clk 0:19:21]} axb5 {[%clk 0:26:59]} 26. Ra1 {[%clk 0:19:26]} Rd8
{[%clk 0:25:02]} 27. Rfd1 {[%clk 0:11:46]} Nh5 {[%clk 0:17:01]} 28. Ne2
{[%clk 0:11:49]} Nf6 {[%clk 0:17:30]} 29. c4 {[%clk 0:09:44]} bxc4
{[%clk 0:17:49]} 30. bxc4 {[%clk 0:10:08]} d5 {[%clk 0:17:00]} 31. cxd5
{[%clk 0:09:33]} cxd5 {[%clk 0:17:25]} 32. exd5 {[%clk 0:10:00]} Qxd3
{[%clk 0:17:08]} 33. Rxd3 {[%clk 0:10:25]} Rxd5 {[%clk 0:17:30]} 1/2-1/2

[Event "Azerbaijan Chess Championship2015 - Men"]
[Site ""]
[Date "2015.01.09"]
[Round "4"]
[Board "3"]
[White "Guseinov, Gadir"]
[Black "Mammadov, Zaur"]
[Result "1-0"]
[WhiteElo "2610"]
[BlackElo "2487"]
[PlyCount "0"]
[EventDate "2015.01.06"]
[EventRounds "9"]
[EventCountry "AZE"]

1. e4 {[%clk 1:30:50]} e6 {[%clk 1:30:48]} 2. d4 {[%clk 1:31:14]} d5
{[%clk 1:31:14]} 3. Nd2 {[%clk 1:31:38]} c5 {[%clk 1:31:39]} 4. Ngf3
{[%clk 1:32:03]} Nc6 {[%clk 1:29:33]} 5. exd5 {[%clk 1:23:59]} Qxd5
{[%clk 1:29:51]} 6. Bc4 {[%clk 1:23:18]} Qd8 {[%clk 1:30:15]} 7. dxc5
{[%clk 1:21:48]} Bxc5 {[%clk 1:30:15]} 8. O-O {[%clk 1:20:58]} Nf6
{[%clk 1:30:39]} 9. Qe2 {[%clk 1:08:25]} Qc7 {[%clk 1:29:24]} 10. Ne4
{[%clk 1:08:15]} Be7 {[%clk 1:29:36]} 11. Rd1 {[%clk 1:02:36]} a6
{[%clk 1:27:28]} 12. Bd3 {[%clk 0:55:23]} Nb4 {[%clk 1:13:26]} 13. Bg5
{[%clk 0:50:59]} Bd7 {[%clk 1:06:41]} 14. Bh4 {[%clk 0:50:00]} Nxd3
{[%clk 1:00:50]} 15. cxd3 {[%clk 0:50:20]} Bc6 {[%clk 0:53:10]} 16. Bg3
{[%clk 0:35:47]} Qb6 {[%clk 0:50:31]} 17. Ne5 {[%clk 0:35:58]} Bxe4
{[%clk 0:46:26]} 18. dxe4 {[%clk 0:36:16]} O-O {[%clk 0:45:17]} 19. Nd7
{[%clk 0:34:01]} Nxd7 {[%clk 0:44:54]} 20. Rxd7 {[%clk 0:34:26]} Bf6
{[%clk 0:44:02]} 21. Rad1 {[%clk 0:28:28]} Qxb2 {[%clk 0:30:14]} 22. Qxb2
{[%clk 0:28:47]} Bxb2 {[%clk 0:30:37]} 23. Rxb7 {[%clk 0:29:07]} Rfd8
{[%clk 0:29:48]} 24. Rxd8+ {[%clk 0:24:59]} Rxd8 {[%clk 0:30:14]} 25. Kf1
{[%clk 0:25:26]} Bd4 {[%clk 0:27:33]} 26. Bc7 {[%clk 0:25:01]} Re8
{[%clk 0:24:06]} 27. a4 {[%clk 0:23:31]} h6 {[%clk 0:15:59]} 28. a5
{[%clk 0:22:06]} e5 {[%clk 0:16:04]} 29. Ke2 {[%clk 0:18:37]} Re6
{[%clk 0:15:17]} 30. Bb6 {[%clk 0:15:54]} Rd6 {[%clk 0:10:00]} 31. g4
{[%clk 0:09:53]} g6 {[%clk 0:05:37]} 32. h4 {[%clk 0:07:58]} Kg7 {[%clk 0:06:03]}
33. g5 {[%clk 0:07:45]} hxg5 {[%clk 0:05:02]} 34. hxg5 {[%clk 0:08:08]} Bc3
{[%clk 0:05:15]} 35. Ra7 {[%clk 0:07:42]} Rd2+ {[%clk 0:04:40]} 36. Kf3
{[%clk 0:07:35]} Rd6 {[%clk 0:04:55]} 37. Ra8 {[%clk 0:05:07]} f5
{[%clk 0:03:20]} 38. Rxa6 {[%clk 0:01:56]} Rd3+ {[%clk 0:03:27]} 39. Kg2
{[%clk 0:02:12]} Bd4 {[%clk 0:02:00]} 40. Ra7+ {[%clk 0:31:47]} Kg8
{[%clk 0:32:29]} 41. Rd7 {[%clk 0:25:26]} Ra3 {[%clk 0:32:20]} 42. exf5
{[%clk 0:23:40]} gxf5 {[%clk 0:32:44]} 43. Bxd4 {[%clk 0:24:08]} exd4
{[%clk 0:32:55]} 44. Rxd4 {[%clk 0:24:37]} Rxa5 {[%clk 0:32:48]} 45. Kg3
{[%clk 0:24:46]} Kf7 {[%clk 0:32:35]} 46. Rd6 {[%clk 0:24:51]} Ra4
{[%clk 0:32:25]} 47. Rf6+ {[%clk 0:24:16]} Kg7 {[%clk 0:32:49]} 48. f4
{[%clk 0:22:14]} Ra5 {[%clk 0:32:27]} 49. Kh4 {[%clk 0:22:36]} Rb5
{[%clk 0:32:22]} 50. Kh5 {[%clk 0:22:54]} Ra5 {[%clk 0:32:44]} 51. Rg6+
{[%clk 0:23:16]} Kh7 {[%clk 0:31:41]} 52. Rb6 {[%clk 0:23:19]} Ra4
{[%clk 0:31:11]} 53. Rb7+ {[%clk 0:23:35]} Kg8 {[%clk 0:31:30]} 54. Kg6
{[%clk 0:23:51]} 1-0

[Event "Azerbaijan Chess Championship2015 - Men"]
[Site ""]
[Date "2015.01.09"]
[Round "4"]
[Board "4"]
[White "Izzat, Kanan"]
[Black "Mirzoev, Azer"]
[Result "1/2-1/2"]
[WhiteElo "2424"]
[BlackElo "2549"]
[PlyCount "0"]
[EventDate "2015.01.06"]
[EventRounds "9"]
[EventCountry "AZE"]

1. d4 {[%clk 1:30:57]} d5 {[%clk 1:17:34]} 2. c4 {[%clk 1:31:12]} c6
{[%clk 1:18:02]} 3. Nf3 {[%clk 1:31:14]} Nf6 {[%clk 1:16:29]} 4. Nc3
{[%clk 1:31:36]} dxc4 {[%clk 1:16:54]} 5. a4 {[%clk 1:31:56]} Bf5
{[%clk 1:17:19]} 6. e3 {[%clk 1:31:58]} e6 {[%clk 1:16:01]} 7. Bxc4
{[%clk 1:32:22]} Bb4 {[%clk 1:16:24]} 8. O-O {[%clk 1:32:45]} O-O
{[%clk 1:16:49]} 9. Qe2 {[%clk 1:33:10]} Nbd7 {[%clk 1:16:07]} 10. e4
{[%clk 1:33:16]} Bg6 {[%clk 1:16:31]} 11. Bd3 {[%clk 1:33:42]} Bh5
{[%clk 1:16:33]} 12. e5 {[%clk 1:34:06]} Nd5 {[%clk 1:17:00]} 13. Nxd5
{[%clk 1:34:31]} cxd5 {[%clk 1:17:26]} 14. Qe3 {[%clk 1:34:55]} Re8
{[%clk 1:14:53]} 15. Ng5 {[%clk 1:31:15]} Bg6 {[%clk 1:14:46]} 16. Bxg6
{[%clk 1:31:37]} fxg6 {[%clk 1:15:12]} 17. a5 {[%clk 1:32:01]} Bxa5
{[%clk 1:10:19]} 18. Qf3 {[%clk 1:28:16]} Nf8 {[%clk 1:06:27]} 19. Qf7+
{[%clk 1:21:38]} Kh8 {[%clk 1:06:46]} 20. Qf4 {[%clk 1:22:05]} Qc7
{[%clk 0:50:39]} 21. Nf7+ {[%clk 1:20:01]} Kg8 {[%clk 0:50:39]} 22. Nd6
{[%clk 1:20:26]} Re7 {[%clk 0:46:35]} 23. Bd2 {[%clk 1:20:35]} Bxd2
{[%clk 0:45:59]} 24. Qxd2 {[%clk 1:21:02]} Qd8 {[%clk 0:41:09]} 25. Rfc1
{[%clk 1:16:03]} Rc7 {[%clk 0:40:17]} 26. Rxc7 {[%clk 1:12:48]} Qxc7
{[%clk 0:40:39]} 27. Rc1 {[%clk 1:13:16]} Qd7 {[%clk 0:40:25]} 28. Rc3
{[%clk 0:58:40]} a5 {[%clk 0:39:10]} 29. g3 {[%clk 0:53:50]} h6 {[%clk 0:38:55]}
30. Rb3 {[%clk 0:47:15]} Ra7 {[%clk 0:19:52]} 31. Qc2 {[%clk 0:41:32]} g5
{[%clk 0:16:53]} 32. Qc5 {[%clk 0:22:22]} Qa4 {[%clk 0:10:54]} 33. Qc7
{[%clk 0:15:53]} Qxd4 {[%clk 0:03:42]} 34. Qf7+ {[%clk 0:08:31]} Kh7
{[%clk 0:04:10]} 35. Re3 {[%clk 0:05:47]} Ra8 {[%clk 0:02:34]} 36. Ne8
{[%clk 0:06:14]} Rxe8 {[%clk 0:02:57]} 37. Qxe8 {[%clk 0:06:41]} Qb4
{[%clk 0:02:12]} 38. Rc3 {[%clk 0:02:24]} Qxb2 {[%clk 0:00:50]} 39. Rc8
{[%clk 0:02:48]} Qb1+ {[%clk 0:01:17]} 40. Kg2 {[%clk 0:33:15]} Qe4+
{[%clk 0:31:38]} 41. f3 {[%clk 0:21:16]} Qe2+ {[%clk 0:27:37]} 42. Kh3
{[%clk 0:19:09]} g4+ {[%clk 0:21:53]} 43. Kxg4 {[%clk 0:19:00]} Qxh2
{[%clk 0:19:37]} 44. f4 {[%clk 0:17:41]} Qe2+ {[%clk 0:18:25]} 45. Kh3
{[%clk 0:18:08]} Qf1+ {[%clk 0:18:49]} 46. Kh2 {[%clk 0:18:35]} Qf2+
{[%clk 0:19:11]} 47. Kh3 {[%clk 0:18:56]} Qf1+ {[%clk 0:19:35]} 1/2-1/2

[Event "Azerbaijan Chess Championship2015 - Men"]
[Site ""]
[Date "2015.01.09"]
[Round "4"]
[Board "5"]
[White "Abasov, Nijat"]
[Black "Shahaliyev, Ismayil"]
[Result "1-0"]
[WhiteElo "2530"]
[BlackElo "2273"]
[PlyCount "0"]
[EventDate "2015.01.06"]
[EventRounds "9"]
[EventCountry "AZE"]

1. d4 {[%clk 1:30:39]} e6 {[%clk 1:30:54]} 2. c4 {[%clk 1:31:02]} Nf6
{[%clk 1:31:17]} 3. Nc3 {[%clk 1:31:25]} c5 {[%clk 1:31:25]} 4. d5
{[%clk 1:31:47]} exd5 {[%clk 1:31:51]} 5. cxd5 {[%clk 1:32:09]} d6
{[%clk 1:32:18]} 6. e4 {[%clk 1:32:27]} g6 {[%clk 1:32:44]} 7. f4
{[%clk 1:32:50]} Bg7 {[%clk 1:33:10]} 8. Bb5+ {[%clk 1:33:12]} Nfd7
{[%clk 1:33:35]} 9. a4 {[%clk 1:33:36]} O-O {[%clk 1:34:00]} 10. Nf3
{[%clk 1:33:58]} Na6 {[%clk 1:33:49]} 11. O-O {[%clk 1:34:04]} Nb4
{[%clk 1:34:16]} 12. Be3 {[%clk 1:34:14]} a6 {[%clk 1:31:11]} 13. Be2
{[%clk 1:34:30]} Nf6 {[%clk 1:29:51]} 14. Nd2 {[%clk 1:34:32]} Re8
{[%clk 1:29:31]} 15. Bf2 {[%clk 1:34:26]} b6 {[%clk 1:16:43]} 16. Bh4
{[%clk 1:21:12]} Qc7 {[%clk 1:15:40]} 17. Bf3 {[%clk 1:10:44]} Rb8
{[%clk 1:02:22]} 18. Kh1 {[%clk 1:01:31]} Nd7 {[%clk 0:53:46]} 19. Be2
{[%clk 1:01:30]} Nf6 {[%clk 0:38:59]} 20. Qb3 {[%clk 0:53:09]} Bb7
{[%clk 0:19:32]} 21. Bc4 {[%clk 0:48:59]} Qd7 {[%clk 0:16:31]} 22. Rae1
{[%clk 0:28:14]} Ba8 {[%clk 0:16:14]} 23. Be2 {[%clk 0:22:00]} h6
{[%clk 0:12:25]} 24. h3 {[%clk 0:20:14]} Kh8 {[%clk 0:10:45]} 25. Bg3
{[%clk 0:14:31]} Kg8 {[%clk 0:08:26]} 26. Bf3 {[%clk 0:10:44]} b5
{[%clk 0:05:05]} 27. axb5 {[%clk 0:10:55]} axb5 {[%clk 0:05:32]} 28. Be2
{[%clk 0:10:39]} Rb6 {[%clk 0:01:12]} 29. Ra1 {[%clk 0:08:48]} Nh5
{[%clk 0:00:54]} 30. Bh2 {[%clk 0:06:15]} Bxc3 {[%clk 0:00:53]} 31. bxc3
{[%clk 0:06:16]} Bxd5 {[%clk 0:00:38]} 32. exd5 {[%clk 0:03:18]} Rxe2
{[%clk 0:00:55]} 33. cxb4 {[%clk 0:03:45]} Rxd2 {[%clk 0:00:48]} 34. Ra8+
{[%clk 0:04:10]} Kh7 {[%clk 0:01:15]} 35. Qc3 {[%clk 0:04:33]} Rd4
{[%clk 0:01:35]} 36. bxc5 {[%clk 0:04:59]} dxc5 {[%clk 0:01:43]} 37. Qxc5
{[%clk 0:05:25]} Qxd5 {[%clk 0:00:45]} 38. Qf8 {[%clk 0:05:50]} 1-0

[Event "Azerbaijan Chess Championship2015 - Men"]
[Site ""]
[Date "2015.01.09"]
[Round "4"]
[Board "6"]
[White "Guliev, Logman"]
[Black "Bajarani, Ulvi"]
[Result "0-1"]
[WhiteElo "2385"]
[BlackElo "2494"]
[PlyCount "0"]
[EventDate "2015.01.06"]
[EventRounds "9"]
[EventCountry "AZE"]

1. e4 {[%clk 1:29:55]} e6 {[%clk 1:30:53]} 2. d4 {[%clk 1:30:00]} d5
{[%clk 1:31:19]} 3. Nc3 {[%clk 1:30:18]} Nf6 {[%clk 1:31:43]} 4. Bg5
{[%clk 1:30:24]} Be7 {[%clk 1:31:08]} 5. e5 {[%clk 1:30:37]} Nfd7
{[%clk 1:31:33]} 6. h4 {[%clk 1:30:03]} c5 {[%clk 1:31:51]} 7. Bxe7
{[%clk 1:29:37]} Kxe7 {[%clk 1:31:49]} 8. f4 {[%clk 1:29:11]} Qb6
{[%clk 1:29:57]} 9. Qd2 {[%clk 1:25:52]} Nc6 {[%clk 1:29:24]} 10. O-O-O
{[%clk 1:14:05]} Nxd4 {[%clk 1:28:08]} 11. Nf3 {[%clk 1:13:12]} Nc6
{[%clk 1:26:26]} 12. f5 {[%clk 1:12:10]} h6 {[%clk 1:19:05]} 13. Qf4
{[%clk 1:07:27]} d4 {[%clk 1:18:16]} 14. Nb5 {[%clk 1:02:27]} exf5
{[%clk 1:15:59]} 15. e6 {[%clk 0:53:22]} fxe6 {[%clk 1:15:40]} 16. Qd6+
{[%clk 0:52:53]} Kf6 {[%clk 1:15:34]} 17. g4 {[%clk 0:39:09]} fxg4
{[%clk 1:05:07]} 18. Bc4 {[%clk 0:26:53]} Na5 {[%clk 1:05:31]} 19. Qf4+
{[%clk 0:26:11]} Ke7 {[%clk 1:05:29]} 20. Qxg4 {[%clk 0:26:06]} Rg8
{[%clk 1:00:05]} 21. Bd3 {[%clk 0:23:45]} Nf6 {[%clk 0:59:30]} 22. Qg3
{[%clk 0:23:34]} c4 {[%clk 0:49:16]} 23. Nfxd4 {[%clk 0:23:36]} cxd3
{[%clk 0:48:33]} 24. Rxd3 {[%clk 0:24:02]} Bd7 {[%clk 0:48:18]} 25. Nd6
{[%clk 0:23:36]} Nc6 {[%clk 0:46:25]} 26. Re1 {[%clk 0:15:26]} Nxd4
{[%clk 0:43:04]} 27. Rxd4 {[%clk 0:15:54]} Qc5 {[%clk 0:41:22]} 28. Re5
{[%clk 0:15:16]} Qc6 {[%clk 0:40:25]} 29. Qa3 {[%clk 0:13:32]} Ne8
{[%clk 0:35:35]} 30. Nf5+ {[%clk 0:09:54]} Kf6 {[%clk 0:35:03]} 31. Ne7
{[%clk 0:10:04]} Kxe5 {[%clk 0:32:33]} 32. Nxc6+ {[%clk 0:06:49]} Bxc6
{[%clk 0:32:58]} 33. Qc3 {[%clk 0:03:25]} Kf5 {[%clk 0:32:48]} 34. Qd3+
{[%clk 0:02:22]} Kf6 {[%clk 0:33:06]} 35. b4 {[%clk 0:02:00]} a6 {[%clk 0:32:01]}
36. a4 {[%clk 0:02:24]} e5 {[%clk 0:30:27]} 37. Rg4 {[%clk 0:02:23]} Ke7
{[%clk 0:30:24]} 38. Qf5 {[%clk 0:01:14]} Nf6 {[%clk 0:30:20]} 39. Qxe5+
{[%clk 0:01:37]} Kf7 {[%clk 0:30:37]} 40. Qc7+ {[%clk 0:31:58]} Ke6
{[%clk 1:00:23]} 41. Rg1 {[%clk 0:28:10]} Rac8 {[%clk 1:00:01]} 42. Qb6
{[%clk 0:25:33]} Kf7 {[%clk 1:00:12]} 43. Kb2 {[%clk 0:20:14]} Be4
{[%clk 1:00:02]} 44. c3 {[%clk 0:20:38]} Rgd8 {[%clk 0:59:51]} 45. Re1
{[%clk 0:10:26]} Rd2+ {[%clk 1:00:07]} 46. Ka1 {[%clk 0:10:36]} Rxc3
{[%clk 1:00:30]} 0-1

[Event "Azerbaijan Chess Championship2015 - Men"]
[Site ""]
[Date "2015.01.09"]
[Round "4"]
[Board "7"]
[White "Heydarli, Kanan"]
[Black "Iskandarov, Misratdin"]
[Result "1/2-1/2"]
[WhiteElo "2273"]
[BlackElo "2405"]
[PlyCount "0"]
[EventDate "2015.01.06"]
[EventRounds "9"]
[EventCountry "AZE"]

1. d4 {[%clk 1:30:59]} g6 {[%clk 1:30:41]} 2. Nf3 {[%clk 1:31:22]} Bg7
{[%clk 1:31:02]} 3. g3 {[%clk 1:31:09]} Nf6 {[%clk 1:31:26]} 4. c4
{[%clk 1:31:30]} O-O {[%clk 1:31:47]} 5. Bg2 {[%clk 1:31:55]} d6 {[%clk 1:32:12]}
6. O-O {[%clk 1:32:20]} Nc6 {[%clk 1:32:36]} 7. d5 {[%clk 1:32:44]} Na5
{[%clk 1:32:47]} 8. Qa4 {[%clk 1:33:07]} c5 {[%clk 1:32:48]} 9. Bd2
{[%clk 1:33:32]} b6 {[%clk 1:33:09]} 10. Bc3 {[%clk 1:33:56]} a6 {[%clk 1:31:11]}
11. Nbd2 {[%clk 1:30:18]} Rb8 {[%clk 1:23:15]} 12. e4 {[%clk 1:22:06]} e5
{[%clk 1:12:36]} 13. dxe6 {[%clk 1:21:30]} Bxe6 {[%clk 1:11:07]} 14. Qc2
{[%clk 1:14:19]} b5 {[%clk 1:06:08]} 15. e5 {[%clk 1:06:21]} dxe5
{[%clk 1:05:40]} 16. Bxe5 {[%clk 1:06:39]} Rc8 {[%clk 1:03:11]} 17. cxb5
{[%clk 0:59:37]} axb5 {[%clk 1:02:29]} 18. Ne4 {[%clk 0:51:45]} Bf5
{[%clk 0:57:32]} 19. Nxf6+ {[%clk 0:47:22]} Bxf6 {[%clk 0:56:34]} 20. Qc3
{[%clk 0:46:28]} Bxe5 {[%clk 0:54:57]} 21. Nxe5 {[%clk 0:45:18]} b4
{[%clk 0:54:31]} 22. Qc1 {[%clk 0:43:49]} Qd4 {[%clk 0:51:39]} 23. Nf3
{[%clk 0:43:39]} Qf6 {[%clk 0:51:19]} 24. b3 {[%clk 0:43:38]} Rfe8
{[%clk 0:47:42]} 25. Qf4 {[%clk 0:38:31]} Re4 {[%clk 0:43:23]} 26. Qh6
{[%clk 0:38:48]} Re2 {[%clk 0:41:43]} 27. Qf4 {[%clk 0:37:03]} Kg7
{[%clk 0:38:21]} 28. Rfc1 {[%clk 0:36:09]} Qb2 {[%clk 0:28:26]} 29. Nh4
{[%clk 0:36:30]} Be6 {[%clk 0:21:56]} 30. Bf1 {[%clk 0:36:11]} Rc2
{[%clk 0:21:52]} 31. Rd1 {[%clk 0:31:22]} Nc6 {[%clk 0:20:23]} 32. Nf3
{[%clk 0:25:46]} Rxf2 {[%clk 0:15:56]} 33. Rdb1 {[%clk 0:25:00]} Rxf1+
{[%clk 0:15:41]} 34. Rxf1 {[%clk 0:25:23]} Bh3 {[%clk 0:16:03]} 35. Qd2
{[%clk 0:23:55]} Qxd2 {[%clk 0:16:06]} 36. Nxd2 {[%clk 0:24:18]} Bxf1
{[%clk 0:16:20]} 37. Kxf1 {[%clk 0:24:47]} Ra8 {[%clk 0:12:16]} 38. Ne4
{[%clk 0:22:25]} Ra5 {[%clk 0:11:33]} 39. Ke2 {[%clk 0:20:16]} Nd4+
{[%clk 0:09:40]} 40. Kd3 {[%clk 0:50:26]} Nxb3 {[%clk 0:39:47]} 41. Rb1
{[%clk 0:50:44]} Nd4 {[%clk 0:39:58]} 42. Nxc5 {[%clk 0:50:43]} Nf5
{[%clk 0:39:58]} 43. Ne4 {[%clk 0:50:26]} Rxa2 {[%clk 0:39:13]} 44. Rxb4
{[%clk 0:50:33]} Rxh2 {[%clk 0:39:32]} 45. g4 {[%clk 0:50:39]} Rh3+
{[%clk 0:37:59]} 46. Kd2 {[%clk 0:50:56]} Nh4 {[%clk 0:36:11]} 47. Rb7
{[%clk 0:50:36]} Nf3+ {[%clk 0:34:03]} 48. Kc1 {[%clk 0:47:22]} h5
{[%clk 0:31:38]} 49. Nd6 {[%clk 0:46:32]} Ng5 {[%clk 0:31:40]} 50. Rb5
{[%clk 0:45:51]} Kh6 {[%clk 0:31:33]} 51. gxh5 {[%clk 0:46:01]} Rxh5
{[%clk 0:31:48]} 52. Kd1 {[%clk 0:46:22]} Rh2 {[%clk 0:31:40]} 53. Ke1
{[%clk 0:46:23]} Ra2 {[%clk 0:31:07]} 54. Kf1 {[%clk 0:46:05]} Rd2
{[%clk 0:30:45]} 55. Nc4 {[%clk 0:44:48]} Rd4 {[%clk 0:30:23]} 56. Ne5
{[%clk 0:45:09]} Rf4+ {[%clk 0:30:02]} 57. Kg2 {[%clk 0:44:39]} Ne4
{[%clk 0:28:40]} 58. Rb4 {[%clk 0:44:48]} f5 {[%clk 0:29:00]} 59. Rb6
{[%clk 0:45:07]} Rf2+ {[%clk 0:28:49]} 60. Kg1 {[%clk 0:45:20]} Ra2
{[%clk 0:27:20]} 61. Rxg6+ {[%clk 0:41:40]} Kh5 {[%clk 0:23:59]} 62. Rg8
{[%clk 0:41:35]} Rc2 {[%clk 0:16:31]} 63. Nd3 {[%clk 0:40:24]} Ra2
{[%clk 0:14:37]} 64. Nf4+ {[%clk 0:40:31]} Kh6 {[%clk 0:15:02]} 65. Rg6+
{[%clk 0:40:22]} Kh7 {[%clk 0:15:30]} 66. Re6 {[%clk 0:39:41]} Kg7
{[%clk 0:15:45]} 67. Rc6 {[%clk 0:39:47]} Kf7 {[%clk 0:15:58]} 68. Rb6
{[%clk 0:38:32]} Rd2 {[%clk 0:15:37]} 69. Rb5 {[%clk 0:36:53]} Kf6
{[%clk 0:15:00]} 70. Nd5+ {[%clk 0:36:33]} Kg5 {[%clk 0:15:09]} 71. Ne3
{[%clk 0:36:43]} Ng3 {[%clk 0:15:23]} 72. Nxf5 {[%clk 0:36:29]} Nxf5
{[%clk 0:15:44]} 73. Rb4 {[%clk 0:36:22]} Nd4 {[%clk 0:16:04]} 74. Kf1
{[%clk 0:36:22]} Kf4 {[%clk 0:16:27]} 75. Rb8 {[%clk 0:36:40]} Rh2
{[%clk 0:16:23]} 76. Re8 {[%clk 0:36:48]} Ra2 {[%clk 0:14:57]} 77. Ke1
{[%clk 0:36:33]} Kf3 {[%clk 0:15:17]} 78. Rf8+ {[%clk 0:36:49]} Ke4
{[%clk 0:15:24]} 79. Re8+ {[%clk 0:36

[Event "Azerbaijan Chess Championship2015 - Men"]
[Site ""]
[Date "2015.01.09"]
[Round "4"]
[Board "8"]
[White "Bayramov, Elvin"]
[Black "Gasimov, Parviz"]
[Result "1-0"]
[WhiteElo "2051"]
[BlackElo "2517"]
[PlyCount "0"]
[EventDate "2015.01.06"]
[EventRounds "9"]
[EventCountry "AZE"]

1. e4 {[%clk 1:30:54]} c5 {[%clk 1:30:07]} 2. c3 {[%clk 1:30:40]} d5
{[%clk 1:29:55]} 3. exd5 {[%clk 1:31:04]} Qxd5 {[%clk 1:30:17]} 4. d4
{[%clk 1:31:32]} Nc6 {[%clk 1:30:24]} 5. Nf3 {[%clk 1:31:58]} Bf5
{[%clk 1:30:45]} 6. Be3 {[%clk 1:28:35]} Nf6 {[%clk 1:29:42]} 7. Na3
{[%clk 1:27:14]} cxd4 {[%clk 1:28:57]} 8. Bc4 {[%clk 1:24:36]} Qa5
{[%clk 1:28:46]} 9. Nxd4 {[%clk 1:24:52]} Nxd4 {[%clk 1:28:19]} 10. Bxd4
{[%clk 1:24:56]} e5 {[%clk 1:27:39]} 11. Bb5+ {[%clk 1:23:21]} Bd7
{[%clk 1:27:11]} 12. Bxd7+ {[%clk 1:19:38]} Nxd7 {[%clk 1:27:39]} 13. Nc4
{[%clk 1:19:57]} Qc7 {[%clk 1:26:15]} 14. Qe2 {[%clk 1:19:09]} O-O-O
{[%clk 1:25:11]} 15. Be3 {[%clk 1:17:41]} f5 {[%clk 1:15:31]} 16. Bg5
{[%clk 1:09:34]} Re8 {[%clk 1:01:44]} 17. O-O-O {[%clk 1:06:42]} Nc5
{[%clk 0:50:41]} 18. Rd5 {[%clk 0:56:39]} Ne4 {[%clk 0:29:39]} 19. Be3
{[%clk 0:56:50]} Nf6 {[%clk 0:27:34]} 20. Rb5 {[%clk 0:51:57]} a6
{[%clk 0:21:21]} 21. Bb6 {[%clk 0:46:24]} Qc6 {[%clk 0:18:45]} 22. Rb3
{[%clk 0:46:46]} Nd5 {[%clk 0:15:44]} 23. Rd1 {[%clk 0:39:43]} e4
{[%clk 0:14:55]} 24. g3 {[%clk 0:24:59]} h5 {[%clk 0:06:49]} 25. Kb1
{[%clk 0:22:49]} Rh6 {[%clk 0:05:15]} 26. Na5 {[%clk 0:22:34]} Qxb6
{[%clk 0:03:54]} 27. Rxd5 {[%clk 0:19:19]} Qc7 {[%clk 0:02:24]} 28. Rxb7
{[%clk 0:19:35]} Qxb7 {[%clk 0:02:37]} 29. Nxb7 {[%clk 0:20:00]} Kxb7
{[%clk 0:03:05]} 30. Rxf5 {[%clk 0:20:06]} 1-0